Uhlie a jeho postavenie v energetike ČĽR

V súčasnosti čelí Čína v dôsledku rýchlej industrializácie založenej na extrémnej spotrebe uhlia vážnym ekologickým problémom, súvisiacich najmä so znečisteným ovzduším. Znižovanie jeho spotreby je preto kľúčové pre zmiernenie negatívnych dopadov na životné prostredie v Číne. Príspevok preto analyzu...

Descrizione completa

Salvato in:
Dettagli Bibliografici
Autore principale: Kadvanová, Katarína
Natura: Capitolo di libro
Lingua:slovacco
Soggetti:
Tags: Aggiungi Tag
Nessun Tag, puoi essere il primo ad aggiungerne!!

MARC

LEADER 00000nla a2200000 4500
001 0223138
005 20240502073642.3
041 0 |a slo 
044 |a SK 
245 1 0 |a Uhlie a jeho postavenie v energetike ČĽR  |c Katarína Kadvanová 
520 |a V súčasnosti čelí Čína v dôsledku rýchlej industrializácie založenej na extrémnej spotrebe uhlia vážnym ekologickým problémom, súvisiacich najmä so znečisteným ovzduším. Znižovanie jeho spotreby je preto kľúčové pre zmiernenie negatívnych dopadov na životné prostredie v Číne. Príspevok preto analyzuje význam uhlia v čínskom sektore energetiky a dopady jeho spotreby na životné prostredie. 
610 2 0 |a energetika 
610 2 0 |a energia 
610 2 0 |a produkcia 
610 2 0 |a spotreba energie 
610 2 0 |a uhlie 
610 2 0 |a znečistenie ovzdušia 
610 2 0 |a Čína 
100 1 |a Kadvanová, Katarína